Get a TV Husband, Name the Wife Quiz Stats

Quiz Updated Mar 12, 2015

Challenge
Share
Tweet
Score 0/25 Timer 07:00
0 Plays Today
% Correct
Marge Simpson (Homer Simpson)
98.5%
Monica Geller (Chandler Bing)
91%
Roseanne Conner (Dan Conner)
83.8%
Lucy Ricardo (Ricky Ricardo)
81.8%
Lois Griffin (Peter Griffin)
72.6%
Peggy Bundy (Al Bundy)
65.5%
Clair Hanks Huxtable (Cliff Huxtable)
60.3%
Pam Halpert (Jim Halpert)
57.7%
Lily Aldrin (Marshall Eriksen)
55.4%
Bernadette Rostenkowski - Wolowitz (Howard Wolowitz)
51.2%
Claire Dunphy (Phil Dunphy)
49.9%
Meredith Grey or Addison Montgomery (Derek Shepherd)
45.3%
Debra Barone (Ray Barone)
43.1%
% Correct
Temperance Brennan (Seeley Booth)
42.8%
Skyler White (Walter White)
41%
Vivian Banks (Philip Banks)
39.6%
Kitty Forman (Red Forman)
37.5%
Leslie Knope (Ben Wyatt)
35.5%
Carla Espinosa (Christopher Turk)
32.5%
Carmela Soprano (Tony Soprano)
27.6%
Carrie Heffernan (Doug Heffernan)
27.3%
Catelyn Stark (Eddard Stark)
25.4%
Lindsay Bluth Fünke (Tobias Fünke)
24%
Lori Grimes (Rick Grimes)
20.6%
Emma Pillsbury or Terri Schuester (Will Schuester)
16.6%

You're not logged in!

Compare scores with friends on all Sporcle quizzes.
Join for Free
OR
Log In

You Might Also Like...

Show Comments

Extras

Top Quizzes Today


Score Distribution

Your Account Isn't Verified!

In order to create a playlist on Sporcle, you need to verify the email address you used during registration. Go to your Sporcle Settings to finish the process.

Report this User

Report this user for behavior that violates our Community Guidelines.

Details: